Knihopis českých a slovenských tisku od doby nejstarší až do konce 18. století Díl 2. Část 7 b. Pravidlo-Řízení

Bibliographic Details
Format: Book
Language:Czech
PhysicalDescription:305-517 s.
Published: Praha Československá akdemie věd 1961
Subjects:

MARC

LEADER 00000cam a2200000 a 4500
001 vtls001311872
003 SK-MaSNL
005 20260301155827.0
008 240226s1961 xr 000 0 cze
015 |a SNBA1961 
035 |a SNK000264258 
035 |a urn:nbn:sk:snk-amk5ew 
035 |a urn:nbn:sk:snk-am00558x 
035 |a B0F2B26B-1063-4741-9B5D-1F2CE1300B36 
040 |a SNK  |b slo  |c SNK  |e AACR2 
041 0 |a cze 
044 |a xr  |c CZ 
245 0 0 |a Knihopis českých a slovenských tisku od doby nejstarší až do konce 18. století  |b Díl 2. Část 7 b. Pravidlo-Řízení 
260 |a Praha  |b Československá akdemie věd  |c 1961 
300 |a 305-517 s. 
650 0 7 |a staré tlače  |2 SNKPH  |9 51683 
655 7 |a bibliografie  |2 SNKPH  |9 28668 
655 7 |a súborné katalógy  |2 SNKPH  |9 74664 
852 |a Slovenská národná knižnica 
954 |a odborná, vedecká literatúra cudzojazyčná (svetová)  |2 lita 
958 |a OND 
958 |a EUIPO 
999 |c 802849  |d 804779 
952 |a SNK  |b SNK  |y PREZ  |7 0  |p 17A0742958  |o snkSB 2100/2/7b  |0 0  |1 0  |4 0  |d 2011-11-03  |f 1  |l 0  |r 2025-02-14 00:00:00  |w 2026-02-24 
952 |a SNK  |b SNK  |y VYP  |7 0  |p 17A0109907  |o snkSB 2100/2/7b D1  |i snkKIP 9418/62  |0 0  |1 0  |4 0  |d 1997-11-25  |l 0  |r 2005-01-02 00:00:00  |w 2026-02-24 
952 |a SNK  |b SNK  |c SNK_STHKF  |y PREZ  |7 0  |p 17A0406063  |o snkSB 2100/2/7 b D2  |i snkKIP 9192/61  |0 0  |1 0  |4 0  |d 2003-12-03  |l 0  |r 2005-01-02 00:00:00  |w 2026-02-24